Duo Rap Français - Statistiques

Statistiques générales
  • Ce quiz a été pris 75 fois
  • Le résultat moyen est 4 sur 10
Statistiques - réponses
Hint Réponse % Correct
Ademo NOS PNL
98%
Joey Starr Kool Shen NTM
78%
Booba Ali Lunatic
54%
Orelsan Gringe Casseurs Flowters
43%
Lino Calbo Arsenik
35%
Moha Lazer MMZ
31%
Mac Tyer Mac Gregor Tandem
23%
RKM RTI DTF
22%
Jassim Jean Artur ? Mañas Sentis Caballero & JeanJass
14%
Gianni Azzedine Djadja & Dinaz
14%
Aucun quiz correspondant
Distribution des résultats
% des personnes avec chaque résultat
Percentile par nombre de réponses
Votre historique - résultats
Vous n’avez pas pris ce quiz